Normal view
MARC view
Entry Topical Term
001 - CONTROL NUMBER
- control field: 41012
003 - CONTROL NUMBER IDENTIFIER
- control field: ARRUPE
005 - DATE AND TIME OF LATEST TRANSACTION
- control field: 20180326115010.0
008 - FIXED-LENGTH DATA ELEMENTS
- fixed length control field: 180326|| aca||aabn | a|a d
040 ## - CATALOGING SOURCE
- Original cataloging agency: ARRUPE
- Transcribing agency: ARRUPE
150 ## - HEADING--TOPICAL TERM
- Topical term or geographic name as entry element: Upanishads
- General subdivision: Commentaries
670 ## - SOURCE DATA FOUND
- Source citation: Work cat.: (ARRUPE): Elenjimittam, Anthony 41011, Le upanisad:, 1980